Library Banner

Martyrs (Record no. 11764)

MARC details
000 -LEADER
fixed length control field 00367nam a2200169Ia 4500
001 - CONTROL NUMBER
control field 10808
008 - FIXED-LENGTH DATA ELEMENTS--GENERAL INFORMATION
fixed length control field 140331s9999 xx 000 0 und d
020 ## - INTERNATIONAL STANDARD BOOK NUMBER
International Standard Book Number 0-06-061121-9
040 ## - CATALOGING SOURCE
Transcribing agency PK-LaUMT
082 ## - DEWEY DECIMAL CLASSIFICATION NUMBER
Classification number 272.90922
Item number MAR-
100 ## - MAIN ENTRY--PERSONAL NAME
Personal name Bergman, Susan
245 ## - TITLE STATEMENT
Title Martyrs
Statement of responsibility, etc Bergman, Susan
260 ## - PUBLICATION, DISTRIBUTION, ETC. (IMPRINT)
Date of publication, distribution, etc 1996
300 ## - PHYSICAL DESCRIPTION
Extent 332 p.
546 ## - LANGUAGE NOTE
Language note EN
942 ## - ADDED ENTRY ELEMENTS (KOHA)
Koha item type Books
Holdings
Withdrawn status Lost status Damaged status Not for loan Home library Current library Date acquired Total Checkouts Full call number Barcode Date last seen Price effective from Koha item type
        UMT Main Campus UMT Main Campus 2014-03-31   272.90922 MAR- 12373 2014-04-21 2014-04-21 Books